000 00525nam a2200193Ia 4500
005 20250923145035.0
008 008 250917s9999 xx 000 0 eng d
037 _aTextual
040 _aDSWL
_beng
_cDSWL
041 _aeng
_2eng
084 _aXN51.2544.N26, K5
_qDSWL
245 0 _aNagin
_cEd.by Evelyn Wood
260 _aBombay
_bDhananjay M.Parekn
_c1965
300 _aviii,51 p.
365 _aINR
_b4
925 _g4
942 _cTEXL
_hXN51.2544.N26, K5
999 _c1446348
_d1446348